ბათუმის შოთა რუსთაველის სახელმწიფო უნივერსიტეტის ბიბლიოთეკა

თხზულებანი სამ ტომად:ტომი III:წერილები:1878-1883 (ბიბ.ჩანაწერი № 50637)

000 -LEADER
fixed length control field 01232nam a2200241Ia 4500
001 - CONTROL NUMBER
control field 17587
003 - CONTROL NUMBER IDENTIFIER
control field GE_BSU
008 - FIXED-LENGTH DATA ELEMENTS--GENERAL INFORMATION
fixed length control field 181216s||||||||xx |||||||||||||| ||und||
040 ## - CATALOGING SOURCE
Transcribing agency GE_BSU
080 ## - UNIVERSAL DECIMAL CLASSIFICATION NUMBER
Universal Decimal Classification number 316(479.22)(09) + 070(479.22)
100 ## - MAIN ENTRY--PERSONAL NAME
Personal name მესხი,სერგეი
245 ## - TITLE STATEMENT
Title თხზულებანი სამ ტომად:ტომი III:წერილები:1878-1883
245 ## - TITLE STATEMENT
Remainder of title საზოგადოებრივი აზრის ისტორია საქართველოში; ქართული ჟურნალისტიკა
245 ## - TITLE STATEMENT
Statement of responsibility, etc. შედგ.იოსებ ბოცვაძის მიერ,მისივე შენიშვნებით და კომენტარებით;რედ.:ნ.ინასარიძე.
260 ## - PUBLICATION, DISTRIBUTION, ETC.
Place of publication, distribution, etc. თბილისი
260 ## - PUBLICATION, DISTRIBUTION, ETC.
Name of publisher, distributor, etc. საბჭ.საქართველო
260 ## - PUBLICATION, DISTRIBUTION, ETC.
Date of publication, distribution, etc. 1964
300 ## - PHYSICAL DESCRIPTION
Extent 463გვ.21სმ.
653 ## - INDEX TERM--UNCONTROLLED
Uncontrolled term საზოგადოებრივი აზრის ისტორია საქართველოში
653 ## - INDEX TERM--UNCONTROLLED
Uncontrolled term ქართული ჟურნალისტიკა
653 ## - INDEX TERM--UNCONTROLLED
Uncontrolled term წერილები
942 ## - ADDED ENTRY ELEMENTS (KOHA)
Koha item type წიგნი
ეგზემპლარები
Withdrawn status Lost status Damaged status Not for loan Date acquired Barcode Date last seen Price effective from Koha item type Public note
        2018-12-17 22368 2018-12-17 2018-12-17 წიგნი აგრარული ტექ.ფაკ.